[Event "Chigorin Memorial 2014"]
[Site "St Petersburg RUS"]
[Date "2014.10.18"]
[Round "1.71"]
[White "Rivonenko, Vladislav"]
[Black "Tsydypov, Zhamsaran"]
[Result "0-1"]
[BlackTitle "FM"]
[WhiteElo "2022"]
[BlackElo "2406"]
[WhiteFideId "24157660"]
[BlackFideId "4108566"]
[EventDate "2014.10.18"]

1. e4 d6 2. d4 Nf6 3. Nc3 e5 4. Nf3 Nbd7 5. Bc4 Be7 6. O-O O-O 7. Re1 c6 8. a4
exd4 9. Qxd4 Ne5 10. Nxe5 dxe5 11. Qxd8 Rxd8 12. Bg5 h6 13. Bxf6 Bxf6 14. Rad1
Bd7 15. Rd3 Be8 16. Kf1 Kf8 17. Red1 Rxd3 18. cxd3 a5 19. Ke2 Rd8 20. g3 Bd7 21.
Rb1 Be7 22. f4 Bd6 23. Ke3 Bg4 24. Rf1 Bh3 25. Rd1 Bc5+ 26. Kd2 f6 27. Ne2 Ke7
28. Ng1 Bg2 29. Kc2 Bxe4 30. Re1 Bxg1 31. fxe5 fxe5 32. Rxe4 Bd4 33. Re2 Kd6 34.
Kb3 Rf8 35. Ka2 Rf3 36. Rc2 Bg1 37. Re2 Bd4 38. Rc2 h5 39. Re2 g5 40. Kb1 g4 41.
Kc2 Ke7 42. b3 Kf6 43. Kd2 Rf1 44. Rg2 Rh1 45. Ke2 Rb1 46. Bg8 b5 47. axb5 cxb5
48. Bd5 a4 49. bxa4 bxa4 50. Kd2 a3 51. Re2 Rb2+ 52. Kd1 Rxe2 53. Kxe2 Bg1 54.
Kf1 Bxh2 55. Kg2 Bxg3 56. Kxg3 Kg5 57. Kg2 Kf4 58. Kf2 h4 59. Kg2 Ke3 60. Bc4
Kd2 0-1

[Event "Chigorin Memorial 2014"]
[Site "St Petersburg RUS"]
[Date "2014.10.18"]
[Round "1.72"]
[White "Nezad, Husein Aziz"]
[Black "Kamnev, Alexander"]
[Result "1-0"]
[WhiteTitle "IM"]
[WhiteElo "2400"]
[BlackElo "2013"]
[WhiteFideId "12100293"]
[BlackFideId "24176753"]
[EventDate "2014.10.18"]

1. d4 d5 2. c4 e6 3. Nc3 Be7 4. Nf3 Nf6 5. Bf4 O-O 6. e3 c5 7. dxc5 Bxc5 8. cxd5
Nxd5 9. Nxd5 exd5 10. a3 Nc6 11. Bd3 Bb6 12. O-O Bg4 13. h3 Bh5 14. b4 a6 15.
Rc1 Qd7 16. Bxh7+ Kxh7 17. Ng5+ Kg6 18. g4 Bxg4 19. hxg4 f5 20. Qd3 Rae8 21.
Rfd1 Ne5 22. Qxd5 Qxd5 23. Rxd5 Nxg4 24. Rd7 Nxe3 25. Rd6+ Rf6 26. Rxb6 Nd5 27.
Rxf6+ gxf6 28. Nh3 Kh5 29. Rc5 Rg8+ 30. Bg3 Ne3 31. Nf4+ Kg4 32. Nd5 1-0

[Event "Chigorin Memorial 2014"]
[Site "St Petersburg RUS"]
[Date "2014.10.18"]
[Round "1.73"]
[White "Stepanov, Andrey"]
[Black "Delemarre, Jop"]
[Result "0-1"]
[BlackTitle "IM"]
[WhiteElo "2012"]
[BlackElo "2399"]
[WhiteFideId "24198730"]
[BlackFideId "1003704"]
[EventDate "2014.10.18"]

1. e4 g6 2. d4 Bg7 3. Nc3 d6 4. Be3 Nf6 5. Qd2 O-O 6. f3 e5 7. O-O-O exd4 8.
Bxd4 Be6 9. Nge2 c5 10. Bxc5 Qa5 11. Ba3 Rd8 12. Nd4 Nc6 13. Nxe6 fxe6 14. Bc4
Kf7 15. g4 Ne5 16. Be2 Rac8 17. g5 Ne8 18. Nb5 Qb6 19. Qd4 Qc6 20. c3 Ng4 21.
Qg1 Ne5 22. Nxa7 Qa4 23. Nxc8 Rxc8 24. Rd4 Rxc3+ 25. bxc3 Qxa3+ 26. Kd2 Qb2+ 27.
Ke3 Qxc3+ 28. Kf4 Nxf3 29. Bxf3 Bxd4 30. Qc1 Be3+ 31. Qxe3 e5+ 32. Kg4 Qxe3 33.
Rf1 Qf4+ 34. Kh3 Ke7 0-1

[Event "Chigorin Memorial 2014"]
[Site "St Petersburg RUS"]
[Date "2014.10.18"]
[Round "1.75"]
[White "Gorin, Alexandr1"]
[Black "Pasiev, Rakhim"]
[Result "0-1"]
[BlackTitle "IM"]
[WhiteElo "2000"]
[BlackElo "2393"]
[WhiteFideId "4190378"]
[BlackFideId "24122475"]
[EventDate "2014.10.18"]

1. d4 d5 2. Nf3 Nc6 3. h3 Bf5 4. a3 Qd7 5. e3 f6 6. Nh4 Be6 7. Be2 O-O-O 8. b3
g5 9. Nf3 Bf5 10. Bb2 e6 11. Bd3 Nge7 12. Qe2 h5 13. Nbd2 Ng6 14. Bxf5 exf5 15.
Qd3 Nce7 16. O-O-O Bh6 17. Kb1 Kb8 18. Rhe1 g4 19. Ng1 f4 20. hxg4 fxe3 21. fxe3
hxg4 22. Rf1 f5 23. Ne2 Rdf8 24. g3 Bg5 25. Rf2 Rh3 26. Rg1 Rfh8 27. Nf4 Bxf4
28. exf4 Ng8 29. Nf1 Nf6 30. Ne3 Ne4 31. Rfg2 c6 32. Bc3 Qe6 33. Be1 Rh1 34. Kb2
Rxg1 35. Rxg1 Rh3 36. c4 Ne7 37. Rg2 a6 38. c5 Ng8 39. b4 Ngf6 40. Qe2 Nh5 41.
Nf1 Qf6 42. Qe3 Ng7 43. Bc3 Qh6 44. Qe2 Ne6 45. Qe3 Ka7 46. a4 Nxf4 47. Rc2 Ne6
48. b5 Qxe3 49. Nxe3 Nxc3 50. b6+ Kb8 51. Rxc3 Nxd4 52. Nf1 Kc8 53. Rd3 Ne6 54.
Re3 Kd7 55. Re5 Nxc5 56. a5 Nd3+ 0-1

[Event "Chigorin Memorial 2014"]
[Site "St Petersburg RUS"]
[Date "2014.10.18"]
[Round "1.76"]
[White "Chashchev, Sergey"]
[Black "Selivanov, Ivan"]
[Result "1-0"]
[WhiteTitle "FM"]
[WhiteElo "2390"]
[BlackElo "2000"]
[WhiteFideId "4134516"]
[BlackFideId "24199060"]
[EventDate "2014.10.18"]

1. Nf3 Nf6 2. d4 e6 3. g3 b6 4. Bg2 Bb7 5. O-O c5 6. b3 cxd4 7. Bb2 Be7 8. Nxd4
Bxg2 9. Kxg2 Qc7 10. e3 O-O 11. c4 Qb7+ 12. Qf3 Qxf3+ 13. Kxf3 d5 14. Nd2 Rc8
15. Rac1 Na6 16. Ke2 Nc5 17. Rc2 g6 18. Rfc1 e5 19. N4f3 e4 20. Ne1 Rd8 21. Bd4
a5 22. cxd5 Nxd5 23. Bxc5 bxc5 24. Nxe4 Nb4 25. Rc4 Nxa2 26. Ra1 Nb4 27. Nxc5
Rd5 28. Na4 Rad8 29. Nf3 Bf6 30. Rac1 Kg7 31. Rc8 R8d7 32. Nb6 Nd3 33. R1c4 Nb2
34. Rc2 a4 35. bxa4 Nxa4 36. Nxa4 Ra7 37. Nc3 Rdd7 38. Nb5 Ra1 39. R8c7 Rd5 40.
Nbd4 g5 41. g4 h5 42. h3 Rh1 43. Nf5+ Kg6 44. R2c6 Ra5 45. Rxf6+ Kxf6 46. Rc6# 1-0

[Event "Chigorin Memorial 2014"]
[Site "St Petersburg RUS"]
[Date "2014.10.18"]
[Round "1.77"]
[White "Kopasov, Evgeny"]
[Black "Ponfilenok, Vladimir"]
[Result "1/2-1/2"]
[WhiteElo "1997"]
[BlackElo "2389"]
[WhiteFideId "4181239"]
[BlackFideId "24113522"]
[EventDate "2014.10.18"]

1. d4 e6 2. Nf3 f5 3. Bf4 Nf6 4. e3 b6 5. Bd3 Bb7 6. Nbd2 Be7 7. h3 O-O 8. Qe2
Nd5 9. c3 Nxf4 10. exf4 c5 11. O-O Nc6 12. dxc5 bxc5 13. Ne5 Qc7 14. Ndf3 Bf6
15. Rfe1 Nxe5 16. Nxe5 Bxe5 17. fxe5 Qc6 18. f4 Qb6 19. Kh2 Rf7 20. Rad1 Bd5 21.
b3 Rb8 22. Bc4 Bxc4 23. Qxc4 Qb5 24. Qxb5 Rxb5 25. Rd6 Ra5 26. Re2 Kf8 27. Red2
Ke8 28. c4 Ra3 29. Kg3 Re7 30. Kf3 Kd8 31. Rc6 Rxa2 32. Rxa2 dxc6 33. Ra6 Rc7
34. Ke3 Kc8 35. Kd3 Kb7 36. Ra2 Rd7+ 37. Ke3 Kb6 38. Ke2 Rd4 39. Ke3 g6 40. g3
Rd7 41. Ke2 Kb7 42. Ra5 Kb6 43. Ra1 Rd4 44. Ke3 Kb7 45. Ke2 h6 46. h4 h5 47. Ke3
Kb6 48. Ke2 a5 49. Ke3 Ka6 50. Ke2 Rd7 51. Ra3 Rd8 52. Ra1 Rb8 53. Ra3 Rb4 54.
Kd3 a4 55. Kc3 Ka5 56. Kc2 1/2-1/2

[Event "Chigorin Memorial 2014"]
[Site "St Petersburg RUS"]
[Date "2014.10.18"]
[Round "1.78"]
[White "Iljin, Timofey"]
[Black "Sindarov, Javokhir"]
[Result "1-0"]
[WhiteTitle "IM"]
[WhiteElo "2388"]
[BlackElo "1979"]
[WhiteFideId "14110180"]
[BlackFideId "14205483"]
[EventDate "2014.10.18"]

1. d4 Nf6 2. c4 e5 3. dxe5 Ng4 4. Bf4 Nc6 5. Nf3 Bb4+ 6. Nbd2 Qe7 7. e3 Ngxe5 8.
Nxe5 Nxe5 9. Be2 O-O 10. O-O d6 11. Nb3 Ng6 12. Bg3 Be6 13. Qc2 Rad8 14. a3 Bc5
15. Nxc5 dxc5 16. Rfd1 Rxd1+ 17. Rxd1 Rd8 18. Rxd8+ Qxd8 19. Qd3 Qxd3 20. Bxd3
c6 21. Bd6 b5 22. b3 a6 23. f4 Nf8 24. f5 Bc8 25. Bxc5 Nd7 26. Bd6 f6 27. cxb5
cxb5 28. Be4 Ne5 29. Bd5+ Kh8 30. e4 g6 31. fxg6 hxg6 32. Kf2 Bd7 33. Ke3 Nc6
34. h4 Kg7 35. b4 Kh6 36. g3 Kh5 37. Kf4 Nd4 38. Be7 Ne2+ 39. Ke3 Nxg3 40. Bxf6
Kg4 41. Bb7 Nf1+ 42. Kd4 Nd2 43. Kc5 Nc4 44. a4 Na3 45. Kd6 Be8 46. Ke7 1-0

[Event "Chigorin Memorial 2014"]
[Site "St Petersburg RUS"]
[Date "2014.10.18"]
[Round "1.79"]
[White "Smiyan, Vladimir"]
[Black "Svetlov, Dmitry"]
[Result "0-1"]
[BlackTitle "FM"]
[WhiteElo "1994"]
[BlackElo "2387"]
[WhiteFideId "14129248"]
[BlackFideId "24102610"]
[EventDate "2014.10.18"]

1. d4 Nf6 2. Nf3 c5 3. c3 d5 4. Bf4 Nc6 5. e3 Qb6 6. Qc1 Bf5 7. Nbd2 Rc8 8. a3
h6 9. h3 e6 10. Be2 Be7 11. Ne5 cxd4 12. exd4 Nxd4 13. Bd1 Nc6 14. O-O Nxe5 15.
Bxe5 O-O 16. Be2 Nd7 17. Bd4 Qd6 18. f4 a6 19. Nf3 Nc5 20. Qe3 Nb3 21. Rae1 Nxd4
22. Nxd4 Be4 23. Bd3 Bxd3 24. Qxd3 Bf6 25. Rd1 Qb6 26. Rd2 Rc4 27. Kh1 g6 28.
Re1 Kg7 29. g3 Qa5 30. Nf3 Qc7 31. h4 h5 32. Ne5 Bxe5 33. Rxe5 b5 34. Qf3 a5 35.
Rde2 b4 36. axb4 axb4 37. cxb4 Rxb4 38. Kh2 Rfb8 39. Qg2 Qb6 0-1

[Event "Chigorin Memorial 2014"]
[Site "St Petersburg RUS"]
[Date "2014.10.18"]
[Round "1.80"]
[White "Nanjo, Ryosuke"]
[Black "Bezstrakhov, Dmitry"]
[Result "1-0"]
[WhiteTitle "CM"]
[WhiteElo "2384"]
[BlackElo "1987"]
[WhiteFideId "7000634"]
[BlackFideId "34183768"]
[EventDate "2014.10.18"]

1. d4 e6 2. e4 d5 3. Nc3 dxe4 4. Nxe4 Nf6 5. Nxf6+ Qxf6 6. Nf3 h6 7. Bd3 Nc6 8.
O-O Bd6 9. Re1 O-O 10. c3 Bf4 11. Bxf4 Qxf4 12. Re4 Qf6 13. Qd2 b6 14. Ne5 Nxe5
15. dxe5 Qe7 16. Rd4 Bb7 17. Rd1 Kh8 18. Bb1 Qg5 19. Qxg5 hxg5 20. h4 c5 21. Rd7
Bc8 22. Rd8 Bb7 23. Rxf8+ Rxf8 24. hxg5 Bd5 25. f3 g6 26. b3 b5 27. Kf2 Kg7 28.
Ke3 Rh8 29. Bd3 Rh5 30. Kf4 c4 31. bxc4 bxc4 32. Be4 Bxe4 33. Kxe4 Kf8 34. f4
Ke7 35. Rb1 Rh2 36. Kf3 a5 37. Rb7+ Ke8 38. Rc7 Rh1 39. Rxc4 Rf1+ 40. Ke2 Rc1
41. Kd3 Rf1 42. Rd4 Rf2 43. Kc4 Rxa2 44. Kb5 Ke7 45. g3 Ra1 46. Ra4 Rg1 47. Kxa5
Rxg3 48. c4 Kd7 49. Kb5 Rb3+ 50. Rb4 Rd3 51. c5 Kc7 52. Ra4 Rb3+ 53. Kc4 Rb1 54.
Ra7+ Kc6 55. Rxf7 Rc1+ 56. Kd4 Rd1+ 57. Ke3 Kxc5 58. Rc7+ Kb5 59. Rg7 Kc5 60.
Rxg6 Kd5 61. Rg8 Re1+ 62. Kf2 Ra1 63. Rf8 Ke4 64. g6 Ra2+ 65. Kg3 Ra1 66. Kh4
Rg1 67. Kh5 Kd3 68. Kh6 Rh1+ 69. Kg5 Rg1+ 70. Kf6 Rg4 71. Rd8+ Ke4 72. g7 1-0

[Event "Chigorin Memorial 2014"]
[Site "St Petersburg RUS"]
[Date "2014.10.18"]
[Round "1.81"]
[White "Soldatov, Arnold"]
[Black "Gevorgyan, David"]
[Result "0-1"]
[WhiteElo "1984"]
[BlackElo "2382"]
[WhiteFideId "24135623"]
[BlackFideId "13303244"]
[EventDate "2014.10.18"]

1. d4 Nf6 2. Bf4 e6 3. Nf3 b6 4. e3 Bb7 5. Bd3 Be7 6. h3 O-O 7. O-O c5 8. c3 Nc6
9. Nbd2 Rc8 10. Rc1 d5 11. Ne5 c4 12. Bb1 b5 13. Qf3 b4 14. g4 bxc3 15. bxc3
Nxe5 16. dxe5 Nd7 17. g5 Ba3 18. Rcd1 Bb2 19. Qh5 g6 20. Qh6 Bxc3 21. Nf3 Bc6
22. h4 Ba4 23. Rc1 Bb2 24. Rce1 c3 25. Nh2 Re8 26. Ng4 Ba3 27. Nf6+ Nxf6 28.
gxf6 Bf8 29. Qg5 c2 30. Qg4 h5 31. Qg3 Bb5 32. Bg5 Bxf1 33. Bxc2 Rxc2 34. Qf4
Rc4 35. e4 Bd3 36. Bh6 Kh7 37. Bg7 Bxg7 38. fxg7 Kxg7 39. f3 dxe4 40. fxe4 Bxe4
41. Rf1 Qd4+ 42. Rf2 Qd1+ 43. Rf1 Qg4+ 0-1

[Event "Chigorin Memorial 2014"]
[Site "St Petersburg RUS"]
[Date "2014.10.18"]
[Round "1.82"]
[White "Sergienko, Sergey"]
[Black "Terentev, Mikhail"]
[Result "1/2-1/2"]
[WhiteTitle "IM"]
[WhiteElo "2380"]
[BlackElo "1981"]
[WhiteFideId "4115791"]
[BlackFideId "24183814"]
[EventDate "2014.10.18"]

1. e4 c6 2. Nc3 d5 3. Nf3 Bg4 4. h3 Bxf3 5. Qxf3 e6 6. d3 Nd7 7. Be2 Bb4 8. O-O
Ngf6 9. Qg3 Bxc3 10. bxc3 dxe4 11. dxe4 Nxe4 12. Qxg7 Qf6 13. Qxf6 Nexf6 14. Be3
O-O 15. c4 Ne4 16. Bf3 Nef6 17. Rab1 b6 18. Bxc6 Rac8 19. Bxd7 Nxd7 20. Rfd1 Nc5
21. Rb5 Rfd8 22. Rxd8+ Rxd8 23. Bxc5 Rd1+ 24. Kh2 bxc5 25. Rxc5 Rc1 26. a4 Rxc2
27. Kg3 Kg7 28. Kf3 Kf6 29. g3 a5 30. Ke3 Ke7 31. h4 Kd6 32. Rxa5 Rxc4 33. Ra7
f5 34. a5 Ra4 35. Rxh7 Rxa5 36. Rf7 Ra3+ 37. Kf4 Ra4+ 38. Kf3 Ra3+ 39. Kg2 Ra8
40. Kh3 Rh8 41. f3 Ke5 42. g4 Kf4 43. g5 Rc8 44. g6 Rc1 45. Ra7 Kxf3 46. Ra3+
Kf2 47. Ra2+ Kf3 48. Ra3+ Kf2 49. Ra2+ Kf3 50. Kh2 Rc4 51. Kh3 Rc1 52. Ra3+ 1/2-1/2

[Event "Chigorin Memorial 2014"]
[Site "St Petersburg RUS"]
[Date "2014.10.18"]
[Round "1.83"]
[White "Isaev, Chingys"]
[Black "Tologontegin, Semetey"]
[Result "0-1"]
[BlackTitle "FM"]
[WhiteElo "1957"]
[BlackElo "2379"]
[WhiteFideId "13801660"]
[BlackFideId "13800574"]
[EventDate "2014.10.18"]

1. d4 e6 2. c4 b6 3. Nc3 Bb7 4. e4 Bb4 5. Bd3 f5 6. d5 fxe4 7. Bxe4 Nf6 8. Bf3
Bxc3+ 9. bxc3 O-O 10. Ne2 e5 11. Ng3 d6 12. O-O Ba6 13. Qe2 Qe8 14. a4 Nbd7 15.
Ba3 Qg6 16. Rfe1 Rae8 17. Be4 Nxe4 18. Nxe4 Nf6 19. Nxf6+ Rxf6 20. Bc1 Ref8 21.
Rf1 Bc8 22. Bd2 Bf5 23. Be3 Bd3 24. Qd2 Bxf1 25. Rxf1 Qe4 26. Qe2 Rf4 27. Re1
Rg4 28. f4 Rgxf4 29. Bxf4 Qxe2 30. Rxe2 Rxf4 31. a5 Rxc4 32. axb6 cxb6 33. Ra2
Rc7 34. c4 Kf7 35. Kf2 Ke7 36. Ke3 a5 37. Kd3 Ra7 38. Kc3 a4 39. Ra3 Ra5 40. Kd3
Kd7 41. Ke4 g6 42. g4 Kc7 43. h4 b5 44. cxb5 Kb6 0-1

[Event "Chigorin Memorial 2014"]
[Site "St Petersburg RUS"]
[Date "2014.10.18"]
[Round "1.84"]
[White "Karasev, Vladimir I"]
[Black "Koshil, Tikhon"]
[Result "1-0"]
[WhiteTitle "IM"]
[WhiteElo "2377"]
[BlackElo "1975"]
[WhiteFideId "4103971"]
[BlackFideId "4126637"]
[EventDate "2014.10.18"]

1. e4 e5 2. Nf3 Nc6 3. Bb5 g6 4. O-O Bg7 5. c3 a6 6. Ba4 b5 7. Bb3 Na5 8. Bc2 d6
9. a4 Bg4 10. h3 Bd7 11. b4 Nc6 12. Qe2 Rb8 13. Na3 Nce7 14. axb5 axb5 15. d4 c6
16. dxe5 dxe5 17. c4 Qc7 18. Bb2 f6 19. cxb5 cxb5 20. Bd3 Qb6 21. Rfc1 Nc8 22.
Nxb5 Bxb5 23. Bxb5+ Qxb5 24. Rxc8+ Kf7 25. Qxb5 Rxb5 26. Ra7+ Ne7 27. Rcc7 Re8
28. Nd2 Bf8 29. Nc4 Rd8 30. Bc3 Rbb8 31. Kf1 Kg8 32. Ne3 Rdc8 33. Ke2 Rxc7 34.
Rxc7 Kf7 35. Kd3 Ke6 36. Kc4 Rc8 37. Nd5 f5 38. b5 fxe4 39. Rxc8 Nxc8 40. Bb4
Bxb4 41. Nxb4 Kd6 42. Nd5 h5 43. h4 Na7 44. Nc3 e3 45. fxe3 Nc8 46. Ne4+ Kc7 47.
Kd5 Ne7+ 48. Kxe5 Nf5 49. g3 Nxe3 50. Kf6 Kb6 51. Kxg6 Kxb5 52. Kxh5 Kc6 53. Kg6
Kd5 54. Nf6+ Ke6 55. h5 Nc4 56. h6 Ne5+ 57. Kg7 Kf5 58. h7 Ng6 59. g4+ 1-0

[Event "Chigorin Memorial 2014"]
[Site "St Petersburg RUS"]
[Date "2014.10.18"]
[Round "1.85"]
[White "Egorov, Daniil"]
[Black "Yandemirov, Valeri"]
[Result "1/2-1/2"]
[BlackTitle "GM"]
[WhiteElo "1974"]
[BlackElo "2375"]
[WhiteFideId "24171956"]
[BlackFideId "4102622"]
[EventDate "2014.10.18"]

1. e4 e5 2. Nf3 Nc6 3. Bb5 a6 4. Ba4 Nf6 5. O-O b5 6. Bb3 Bc5 7. a4 Rb8 8. axb5
axb5 9. Nxe5 Nxe5 10. d4 Bxd4 11. Qxd4 d6 12. f4 Nc6 13. Qc3 Ne7 14. Nd2 O-O 15.
e5 Nfd5 16. Qf3 dxe5 17. fxe5 c5 18. c4 Nb4 19. cxb5 Be6 20. Bxe6 Qd4+ 21. Qf2
fxe6 22. Qxd4 Rxf1+ 23. Kxf1 cxd4 24. Nc4 Ned5 25. Bd2 Rf8+ 26. Kg1 Nc2 27. Rc1
d3 28. Rf1 Rb8 29. Rf3 Rxb5 30. Rxd3 h6 31. Bc3 Rc5 32. b3 Nxc3 33. Rxc3 Nd4 34.
Kf2 Nxb3 35. Rxb3 Rxc4 36. Kf3 Kf7 37. g4 Rc5 38. Ke4 Rc4+ 39. Kf3 Kg6 40. Rb6
Kg5 41. h3 Rc3+ 42. Kg2 Kf4 43. Rxe6 Rc2+ 44. Kf1 Rc5 45. Rg6 Kf3 46. Kg1 Rc1+
47. Kh2 Rc2+ 48. Kg1 Rg2+ 49. Kf1 Ra2 50. Ke1 Re2+ 51. Kd1 Rxe5 52. Rxg7 Kg3 53.
Rg6 Kxh3 54. Rxh6+ 1/2-1/2

[Event "Chigorin Memorial 2014"]
[Site "St Petersburg RUS"]
[Date "2014.10.18"]
[Round "1.86"]
[White "Bazeev, German"]
[Black "Petrushev., Nikita"]
[Result "1-0"]
[WhiteElo "2369"]
[BlackElo "1974"]
[WhiteFideId "24119350"]
[BlackFideId "34117803"]
[EventDate "2014.10.18"]

1. d4 Nf6 2. c4 g6 3. Nc3 d5 4. Bg5 Ne4 5. Bh4 Nxc3 6. bxc3 dxc4 7. e3 Bg7 8.
Bxc4 O-O 9. Nf3 c5 10. O-O Nc6 11. Rc1 cxd4 12. cxd4 Bf5 13. Qa4 a6 14. Bb3 Rc8
15. d5 Ne5 16. Nxe5 Bxe5 17. e4 Rxc1 18. Rxc1 Bc8 19. Qb4 Re8 20. Bg3 Bxg3 21.
hxg3 b5 22. e5 Bf5 23. g4 a5 24. Qxb5 Bxg4 25. e6 fxe6 26. Qa4 h5 27. f3 Bf5 28.
g4 hxg4 29. fxg4 Bd3 30. Qd4 Bb5 31. Qe5 Qd6 32. Qxd6 exd6 33. dxe6 a4 34. Bd5
Re7 35. g5 Kf8 36. Rc8+ Re8 37. Rc3 Re7 38. Kf2 Be8 39. Rc8 Kg7 40. a3 Kh7 41.
Rd8 Kg7 42. Ke3 Kf8 43. Rc8 Kg7 44. Kf4 Bb5 45. Rd8 Rc7 46. Rxd6 Kf8 47. Rb6 Be8
48. Ke5 Ke7 49. Rb7 Rxb7 50. Bxb7 1-0

[Event "Chigorin Memorial 2014"]
[Site "St Petersburg RUS"]
[Date "2014.10.18"]
[Round "1.87"]
[White "Borisovsky, Dmitry"]
[Black "Triapishko, Olexandr"]
[Result "1-0"]
[WhiteElo "1973"]
[BlackElo "2369"]
[WhiteFideId "34109410"]
[BlackFideId "14122286"]
[EventDate "2014.10.18"]

1. e4 c5 2. Nf3 a6 3. c3 d5 4. exd5 Qxd5 5. d4 cxd4 6. cxd4 Nf6 7. Be2 g6 8. O-O
Bg7 9. Nc3 Qd6 10. Ne5 Nfd7 11. Nc4 Qc7 12. Bg5 f6 13. Bh4 Nc6 14. d5 Nce5 15.
d6 Qc6 16. Nxe5 Nxe5 17. dxe7 Be6 18. Qd4 Qd7 19. Qe3 g5 20. Bg3 Qxe7 21. Bh5+
Kf8 22. Rfe1 Rc8 23. Rad1 Qc5 24. Bxe5 fxe5 25. Qxg5 Qe7 26. Qe3 h6 27. Bf3 Rg8
28. Bd5 Qf7 29. Bxe6 Qxe6 30. Qf3+ Qf7 31. Qh3 Re8 32. Rd7 Re7 33. Rd8+ Re8 34.
Red1 Bf6 35. Qxh6+ Rg7 36. Rxe8+ Kxe8 37. Qh3 Qc4 38. Nd5 Bd8 39. Qe6+ Kf8 40.
Qd6+ Ke8 41. Qxe5+ 1-0

[Event "Chigorin Memorial 2014"]
[Site "St Petersburg RUS"]
[Date "2014.10.18"]
[Round "1.88"]
[White "Nakhbayeva, Guliskhan"]
[Black "Bezhenar, Georgy"]
[Result "1-0"]
[WhiteTitle "WGM"]
[WhiteElo "2365"]
[BlackElo "1969"]
[WhiteFideId "13704788"]
[BlackFideId "24137669"]
[EventDate "2014.10.18"]

1. d4 d5 2. c4 dxc4 3. e3 e5 4. Bxc4 exd4 5. exd4 Bb4+ 6. Nc3 Nc6 7. Nf3 Qe7+ 8.
Be3 Bg4 9. h3 Bh5 10. O-O Nf6 11. Bg5 Bxc3 12. bxc3 O-O-O 13. Rb1 h6 14. Re1 Qd6
15. Bh4 g5 16. Bg3 Qd7 17. Qb3 Na5 18. Qb4 Bxf3 19. gxf3 Qc6 20. Bxf7 b6 21. Re7
Nd7 22. d5 Qf6 23. Be6 Nb7 24. Qa4 Qxe7 25. Qxa7 Qxe6 26. dxe6 Nb8 27. Rxb6 1-0

[Event "Chigorin Memorial 2014"]
[Site "St Petersburg RUS"]
[Date "2014.10.18"]
[Round "1.89"]
[White "Ladzin, Ivan"]
[Black "Guseva, Marina"]
[Result "0-1"]
[BlackTitle "IM"]
[WhiteElo "1961"]
[BlackElo "2364"]
[WhiteFideId "24192899"]
[BlackFideId "4149351"]
[EventDate "2014.10.18"]

1. d4 d5 2. c4 c6 3. Nc3 Nf6 4. e3 e6 5. Nf3 Nbd7 6. b3 Bb4 7. Bd2 O-O 8. Bd3
Qe7 9. O-O b6 10. Qc2 h6 11. Rfe1 Bb7 12. e4 dxe4 13. Nxe4 Bxd2 14. Qxd2 c5 15.
Qc3 Rfd8 16. Rad1 Qf8 17. h3 Rac8 18. Bb1 a5 19. dxc5 Bxe4 20. Bxe4 Nxc5 21. Bb1
Rxd1 22. Rxd1 Rd8 23. Qe1 Rd6 24. Kf1 Qd8 25. Rxd6 Qxd6 26. Qd2 Qc7 27. Qd4 Nfd7
28. Ke2 g6 29. Qe3 Kg7 30. g3 e5 31. Be4 Nf6 32. Bb1 Nfd7 33. Be4 Qd6 34. Bd5 b5
35. Qc3 b4 36. Qe3 a4 37. Nd2 Nf6 38. Ne4 Nfxe4 39. Bxe4 a3 40. Bd5 h5 41. g4
hxg4 42. hxg4 f6 43. f3 e4 44. fxe4 Qh2+ 45. Kf1 Qxa2 46. Qxc5 Qb1+ 47. Kg2 Qb2+
48. Kg3 Qc3+ 49. Kg2 Qd2+ 50. Kg3 a2 51. Qc8 Qe3+ 52. Kg2 a1=Q 53. Qg8+ Kh6 0-1

[Event "Chigorin Memorial 2014"]
[Site "St Petersburg RUS"]
[Date "2014.10.18"]
[Round "1.90"]
[White "Gritsayeva, Oksana"]
[Black "Mikhailov, Ivan"]
[Result "1-0"]
[WhiteTitle "WFM"]
[WhiteElo "2364"]
[BlackElo "1959"]
[WhiteFideId "14104652"]
[BlackFideId "24153737"]
[EventDate "2014.10.18"]

1. e4 c5 2. Nf3 Nc6 3. Bb5 g6 4. Bxc6 dxc6 5. d3 Bg7 6. h3 Nf6 7. a4 Nd7 8. Nbd2
e5 9. Nc4 Qe7 10. Be3 f6 11. Qd2 Nf8 12. O-O Ne6 13. c3 O-O 14. Rfe1 Rd8 15. b4
Kh8 16. Rab1 b6 17. Red1 Ba6 18. Qa2 Rab8 19. Qc2 Rd7 20. a5 Bxc4 21. dxc4 Rxd1+
22. Qxd1 cxb4 23. cxb4 f5 24. Qc2 f4 25. Bd2 Rd8 26. axb6 axb6 27. Bc3 Nd4 28.
Bxd4 exd4 29. Qd3 Qd6 30. b5 Ra8 31. bxc6 Qxc6 32. Rb5 Ra4 33. c5 Ra6 34. Rb1
Ra8 35. cxb6 Rb8 36. Qb5 Qc2 37. e5 h6 38. Nxd4 Qe4 39. Nf3 Qb7 40. Rc1 Qe7 41.
Rc7 Qe6 42. b7 Kh7 43. Qd7 Qxd7 44. Rxd7 Kg8 45. h4 Kf8 46. Rc7 1-0

[Event "Chigorin Memorial 2014"]
[Site "St Petersburg RUS"]
[Date "2014.10.18"]
[Round "1.91"]
[White "Kantyshev, Nikita"]
[Black "Sadovsky, Artem"]
[Result "1-0"]
[WhiteElo "1957"]
[BlackElo "2364"]
[WhiteFideId "4186737"]
[BlackFideId "4155840"]
[EventDate "2014.10.18"]

1. c4 g6 2. Nc3 Bg7 3. d4 d6 4. Nf3 e5 5. dxe5 dxe5 6. Qxd8+ Kxd8 7. Bg5+ f6 8.
O-O-O+ Nd7 9. Bh4 Ne7 10. e4 c6 11. Nd2 Kc7 12. f3 g5 13. Bf2 Ng6 14. Nb3 a5 15.
Na4 b6 16. g3 Rb8 17. Bh3 Rd8 18. Bg4 Ne7 19. Rd2 f5 20. exf5 Rf8 21. c5 b5 22.
Nb6 Nf6 23. Rhd1 Rb7 24. Rd6 Ra7 25. Be1 a4 26. Na5 h5 27. Bh3 g4 28. fxg4 hxg4
29. Bg2 Bh6+ 30. Kb1 Bxf5+ 31. Ka1 Bc2 32. Bc3 Kb8 33. Bxe5 Rc7 34. Rd8+ Ka7 35.
Rxf8 Bxf8 36. Rd8 Nc8 37. Bxc7 1-0

[Event "Chigorin Memorial 2014"]
[Site "St Petersburg RUS"]
[Date "2014.10.18"]
[Round "1.92"]
[White "Akkozov, Berik"]
[Black "Gantsevich, Aleksei"]
[Result "1-0"]
[WhiteTitle "IM"]
[WhiteElo "2361"]
[BlackElo "1955"]
[WhiteFideId "13704214"]
[BlackFideId "24131610"]
[EventDate "2014.10.18"]

1. Nf3 Nf6 2. c4 g6 3. b4 Bg7 4. Bb2 O-O 5. e3 d6 6. Nc3 Nc6 7. b5 Ne5 8. Nxe5
dxe5 9. d3 Bf5 10. Be2 Nd7 11. Na4 a6 12. bxa6 Rxa6 13. O-O c6 14. Qc2 Qa5 15.
Bd1 Rfa8 16. Nc3 Nc5 17. e4 Be6 18. a4 Qd8 19. Be2 Bd7 20. Kh1 Ne6 21. Bd1 b5
22. Qb3 Nc5 23. Qc2 b4 24. Ne2 Nxa4 25. Rxa4 Rxa4 26. f4 Ra2 27. fxe5 Bg4 28. d4
c5 29. Nc1 Bxd1 30. Rxd1 R2a7 31. d5 Bh6 32. Nd3 Ra5 33. Qf2 Qc7 34. h3 Rf8 35.
Qg3 Bg7 36. Rf1 Ra2 37. Rf2 Raa8 38. d6 exd6 39. exd6 Qc6 40. Bxg7 Kxg7 41. e5
Qe4 42. Rf4 Qe2 43. Nxc5 Ra1+ 44. Kh2 Qd1 45. Qf2 Qh1+ 46. Kg3 Ra3+ 47. Rf3
Rxf3+ 48. gxf3 Qc1 49. Qd4 Qg5+ 50. Kh2 Ra8 51. e6+ f6 52. Nd3 Ra2+ 53. Nf2 Qd2
54. Qxd2 Rxd2 55. d7 Kf8 56. Kg3 Ke7 57. Ne4 Rd4 58. c5 Kxe6 59. c6 Ke7 60. Nc5
Rxd7 61. cxd7 b3 62. Nxb3 Kxd7 63. Kf4 Ke6 64. Nc5+ Kd6 65. Ne4+ Ke6 66. Ng3 Kd5
67. h4 Ke6 68. Ne4 Kf7 69. Nc5 Ke7 70. Ke4 Kd6 71. Nb7+ Ke6 72. Nd8+ Ke7 73. Nb7
Ke6 74. f4 Ke7 75. Kd5 Kf7 76. Nd6+ Ke7 77. Ne4 h5 78. Ng3 Kf7 79. Kd6 g5 80. f5
gxh4 81. Nxh5 h3 82. Ng3 Kg7 83. Ke6 Kh7 84. Kxf6 Kh6 85. Nh1 Kh5 86. Kg7 Kg4
87. f6 Kf3 88. f7 Kg2 89. f8=Q Kxh1 90. Qf2 1-0